| 000 | 00602nam a2200181 i 4500 | ||
|---|---|---|---|
| 001 | 122914 | ||
| 003 | ES-MaACL | ||
| 005 | 20230906192052.0 | ||
| 007 | t| | ||
| 008 | 070214s1958 sp r ||||0| spa d | ||
| 100 | 1 |
_aPullen, Roscoe Le Roy. _994382 |
|
| 245 | 1 | 0 |
_aEnfermedades de los pulmones / _cdirigido por Roscoe Le Roy Pullen ; versión española de M. González Ribas. |
| 260 |
_aBarcelona : _bPro-Médica, _c1958. |
||
| 300 |
_a620 p., 5 lám : _bil ; _c25 cm. |
||
| 650 | 4 |
_aPulmones- _xEnfermedades. _9136791 |
|
| 700 | 1 |
_aGonzález Ribas, M. _958907 |
|
| 852 |
_aES-MaACL _jB-4670 _bR.42256 |
||
| 999 |
_c122914 _d122914 |
||